Văn hóa dân gian Dữu Lâu - Làng Trầu
Giới thiệu về mảnh đất, truyền thống con người, tín ngưỡng, đình làng và lễ hội, văn hoá phi vật thể, ẩm thực của làng Dữu Luân xưa nay là phường Dữu Luân, thành phố Việt Trì, tỉnh Phú Thọ...
Guardado en:
| Autor principal: | |
|---|---|
| Formato: | Libro |
| Lenguaje: | Undetermined |
| Publicado: |
Hà Nội
Văn học
2019
|
| Materias: | |
| Etiquetas: |
Agregar Etiqueta
Sin Etiquetas, Sea el primero en etiquetar este registro!
|
| Thư viện lưu trữ: | Trung tâm Học liệu Trường Đại học Cần Thơ |
|---|
| LEADER | 00897nam a2200205Ia 4500 | ||
|---|---|---|---|
| 001 | CTU_240003 | ||
| 008 | 210402s9999 xx 000 0 und d | ||
| 082 | |a 398.0959721 | ||
| 082 | |b Th305 | ||
| 100 | |a Dương, Huy Thiện | ||
| 245 | 0 | |a Văn hóa dân gian Dữu Lâu - Làng Trầu | |
| 245 | 0 | |c Dương Huy Thiện | |
| 260 | |a Hà Nội | ||
| 260 | |b Văn học | ||
| 260 | |c 2019 | ||
| 520 | |a Giới thiệu về mảnh đất, truyền thống con người, tín ngưỡng, đình làng và lễ hội, văn hoá phi vật thể, ẩm thực của làng Dữu Luân xưa nay là phường Dữu Luân, thành phố Việt Trì, tỉnh Phú Thọ | ||
| 650 | |a Văn hóa dân gian,Folklore | ||
| 650 | |z Việt Nam,Vietnam | ||
| 910 | |b nthai | ||
| 980 | |a Trung tâm Học liệu Trường Đại học Cần Thơ | ||